| 000 | 00544nam a22001817a 4500 | ||
|---|---|---|---|
| 003 | BD-DhUL | ||
| 005 | 20190113145953.0 | ||
| 008 | 181017s1977 ii ||||| |||| 00| 0 urd d | ||
| 040 |
_aBD-DhUL _cBD-DhUL |
||
| 082 |
_a891.433 _bTAI |
||
| 100 | 3 | 0 | _aتھور حسین۔ |
| 245 | 0 | 0 |
_aانتخاب کلام ظفر : _bفن و شخصیت / _cتھور حسین۔ |
| 246 | _aIntikhāb-e Kalām-e Zafar | ||
| 260 |
_aدہلی : _bاعتقاد، _c۱۹۷۷۔ |
||
| 300 |
_aص۔ ۱۶۰ ؛ _c ۱۹ سم۔ |
||
| 650 | 4 | _aUrdu fiction. | |
| 942 |
_2ddc _cBK |
||
| 999 |
_c245732 _d245732 |
||